<?xml version="1.0" encoding="UTF-8"?>
<record
    xmlns:xsi="http://www.w3.org/2001/XMLSchema-instance"
    xsi:schemaLocation="http://www.loc.gov/MARC21/slim http://www.loc.gov/standards/marcxml/schema/MARC21slim.xsd"
    xmlns="http://www.loc.gov/MARC21/slim">

  <leader>00923nam a2200217Ia 4500</leader>
  <datafield tag="952" ind1=" " ind2=" ">
    <subfield code="0">0</subfield>
    <subfield code="1">0</subfield>
    <subfield code="4">0</subfield>
    <subfield code="7">0</subfield>
    <subfield code="a">01</subfield>
    <subfield code="b">01</subfield>
    <subfield code="d">2017-07-10</subfield>
    <subfield code="l">1</subfield>
    <subfield code="o">184 P718di</subfield>
    <subfield code="p">01 005642</subfield>
    <subfield code="r">2019-02-19</subfield>
    <subfield code="s">2019-02-19</subfield>
    <subfield code="t">1</subfield>
    <subfield code="w">2017-07-10</subfield>
    <subfield code="y">LB</subfield>
  </datafield>
  <datafield tag="999" ind1=" " ind2=" ">
    <subfield code="c">102252</subfield>
    <subfield code="d">102252</subfield>
  </datafield>
  <controlfield tag="005">20231102152036.0</controlfield>
  <controlfield tag="008">120622s2014    mx      r     000 0 spa d</controlfield>
  <datafield tag="020" ind1=" " ind2=" ">
    <subfield code="a">9786071417572</subfield>
  </datafield>
  <datafield tag="082" ind1=" " ind2="4">
    <subfield code="a">184</subfield>
    <subfield code="b">P718di</subfield>
  </datafield>
  <datafield tag="100" ind1="1" ind2=" ">
    <subfield code="a">Plat&#xF3;n</subfield>
    <subfield code="d">428-347 a.C.</subfield>
    <subfield code="e">autor</subfield>
  </datafield>
  <datafield tag="245" ind1="1" ind2="0">
    <subfield code="a">Di&#xE1;logos de Plat&#xF3;n</subfield>
    <subfield code="c"> / Plat&#xF3;n ; traductor Alberto Rodr&#xED;guez L&#xF3;pez</subfield>
  </datafield>
  <datafield tag="260" ind1=" " ind2="3">
    <subfield code="a">M&#xE9;xico</subfield>
    <subfield code="b">: Editores M&#xE9;xicanos Unidos</subfield>
    <subfield code="c">, 2014</subfield>
  </datafield>
  <datafield tag="300" ind1=" " ind2=" ">
    <subfield code="a">511 p&#xE1;ginas</subfield>
  </datafield>
  <datafield tag="490" ind1=" " ind2=" ">
    <subfield code="a">Grandes de la Literatura</subfield>
  </datafield>
  <datafield tag="505" ind1=" " ind2=" ">
    <subfield code="a">Apolog&#xED;a de S&#xF3;crates
Fedro o del amor
Simposio (banquete) o de la er&#xF3;tica
Fed&#xF3;n o del alma
Prot&#xE1;goras o de los sofistas
Crit&#xF3;n o del deber
Ion o de la poes&#xED;a
Men&#xF3;n o de la virtud
Parm&#xE9;nides o de las ideas
Cratilo o del lenguaje</subfield>
  </datafield>
  <datafield tag="519" ind1=" " ind2=" ">
    <subfield code="a">Material Complementario / </subfield>
    <subfield code="b">Preparatoria / </subfield>
    <subfield code="d">(01 005642)</subfield>
  </datafield>
  <datafield tag="650" ind1="1" ind2="4">
    <subfield code="a">FILOSOF&#xCD;A GRIEGA </subfield>
  </datafield>
  <datafield tag="650" ind1="2" ind2="4">
    <subfield code="a">DIAL&#xC9;CTICA</subfield>
  </datafield>
  <datafield tag="700" ind1=" " ind2=" ">
    <subfield code="a">Rodr&#xED;guez L&#xF3;pez, Alberto</subfield>
    <subfield code="e">traductor</subfield>
  </datafield>
  <datafield tag="942" ind1=" " ind2=" ">
    <subfield code="c">LB</subfield>
  </datafield>
</record>
